500 Biggest Cities in the Midwest - Statistics

General Stats
  • This quiz has been taken 399 times
    384 since last reset
  • The average score is 123 of 500
Answer Stats
Population State Answer % Correct
2,746,388 IL Chicago
98%
887,642 IN Indianapolis
98%
905,748 OH Columbus
96%
50,474 IN Columbus
96%
24,028 NE Columbus
96%
577,222 WI Milwaukee
96%
639,111 MI Detroit
95%
495,327 MO Kansas City
95%
156,607 KS Kansas City
95%
429,954 MN Minneapolis
95%
309,317 OH Cincinnati
94%
486,051 NE Omaha
94%
311,527 MN St. Paul
93%
372,624 OH Cleveland
92%
300,576 MO St. Louis
92%
214,133 IA Des Moines
90%
291,082 NE Lincoln
90%
269,840 WI Madison
90%
167,882 MO Springfield
88%
114,394 IL Springfield
88%
58,662 OH Springfield
88%
397,532 KS Wichita
88%
125,990 ND Fargo
84%
263,886 IN Fort Wayne
84%
192,517 SD Sioux Falls
83%
198,917 MI Grand Rapids
82%
270,871 OH Toledo
82%
126,587 KS Topeka
81%
27,475 OH Green
80%
137,644 OH Dayton
77%
112,644 MI Lansing
76%
29,076 IL Lansing
76%
190,469 OH Akron
75%
137,710 IA Cedar Rapids
75%
73,622 ND Bismarck
72%
86,697 MN Duluth
72%
107,395 WI Green Bay
72%
123,851 MI Ann Arbor
71%
89,987 MN Bloomington
71%
79,168 IN Bloomington
71%
78,680 IL Bloomington
71%
180,542 IL Aurora
70%
121,395 MN Rochester
69%
148,655 IL Rockford
69%
69,093 IN Gary
68%
42,708 MO Jefferson City
68%
149,540 IL Naperville
68%
197,238 KS Overland Park
66%
85,797 IA Sioux City
66%
150,362 IL Joliet
65%
123,195 MO Columbia
64%
74,828 IA Iowa City
64%
103,453 IN South Bend
64%
117,298 IN Evansville
63%
113,150 IL Peoria
63%
101,724 IA Davenport
62%
116,672 MO Independence
59%
81,252 MI Flint
58%
88,302 IL Champaign
57%
141,290 KS Olathe
56%
139,387 MI Warren
55%
39,201 OH Warren
55%
60,068 OH Youngstown
55%
114,797 IL Elgin
54%
109,976 MI Dearborn
53%
94,934 KS Lawrence
53%
49,370 IN Lawrence
53%
70,872 OH Canton
52%
99,986 WI Kenosha
52%
75,644 WI Appleton
51%
73,598 MI Kalamazoo
51%
69,421 WI Eau Claire
48%
74,703 SD Rapid City
48%
59,166 ND Grand Forks
47%
66,427 IA Ames
46%
78,110 IL Evanston
46%
70,783 IN Lafayette
46%
134,346 MI Sterling Heights
46%
74,875 MO St. Joseph
46%
99,757 IN Carmel
45%
59,667 IA Dubuque
45%
52,680 WI La Crosse
45%
68,881 MN St. Cloud
44%
50,925 MO Joplin
43%
66,816 WI Oshkosh
43%
77,816 WI Racine
43%
44,202 MI Saginaw
43%
71,028 MO St. Charles
43%
33,081 IL St. Charles
43%
67,314 IA Waterloo
43%
48,377 ND Minot
41%
89,321 IL Waukegan
41%
68,723 IA West Des Moines
41%
65,194 IN Muncie
40%
58,389 IN Terre Haute
40%
98,977 IN Fishers
39%
88,673 MO O'Fallon
39%
32,289 IL O'Fallon
39%
54,100 KS Manhattan
38%
85,268 IL Cicero
37%
70,522 IL Decatur
37%
99,357 MO Lee's Summit
37%
81,146 OH Parma
36%
38,336 IL Urbana
36%
54,788 IN Anderson
35%
47,741 MI East Lansing
35%
63,399 OH Hamilton
35%
42,985 IL Moline
34%
87,294 MI Troy
34%
26,305 OH Troy
34%
31,309 MI Jackson
33%
52,736 IL Normal
33%
77,879 IN Hammond
32%
81,026 MN Plymouth
32%
78,723 IL Schaumburg
32%
49,929 WI Sheboygan
32%
62,799 IA Council Bluffs
31%
23,632 MN Farmington
31%
44,488 MN Mankato
31%
34,792 OH Mason
31%
71,158 WI Waukesha
31%
52,721 MI Battle Creek
30%
27,788 KS Dodge City
30%
53,923 IN Elkhart
30%
44,678 WI Fond du Lac
30%
36,816 WI Franklin
30%
25,313 IN Franklin
30%
35,579 OH Lima
30%
32,075 IN Michigan City
30%
25,032 WI Muskego
30%
61,606 MI Pontiac
30%
23,849 OH Athens
29%
53,131 NE Grand Island
29%
59,604 IN Kokomo
29%
25,095 OH Sandusky
29%
38,626 ND West Fargo
29%
67,887 IA Ankeny
28%
77,676 IL Arlington Heights
28%
32,661 MI Bay City
28%
86,478 MN Brooklyn Park
28%
24,469 IA Clinton
28%
34,378 MI Holland
28%
65,615 WI Janesville
28%
28,215 OH Kent
28%
50,942 OH Lakewood
28%
41,535 IA Marion
28%
35,999 OH Marion
28%
28,310 IN Marion
28%
20,629 MI Marquette
28%
39,463 IL Quincy
28%
37,108 IL Rock Island
28%
76,501 MI Wyoming
28%
73,922 IL Bolingbrook
27%
60,675 IL Des Plaines
27%
26,370 IN East Chicago
27%
65,211 OH Lorain
27%
50,987 OH Middletown
27%
35,720 IN Richmond
27%
28,495 SD Aberdeen
26%
40,713 IA Cedar Falls
26%
64,198 MN Eden Prairie
26%
52,656 OH Elyria
26%
95,535 MI Livonia
26%
47,534 OH Mansfield
26%
42,547 MI Midland
26%
23,982 IA Burlington
25%
49,328 OH Dublin
25%
54,583 IL Oak Park
25%
29,560 MI Oak Park
25%
64,176 NE Bellevue
24%
76,300 MI Rochester Hills
24%
67,824 IL Skokie
24%
44,595 IN West Lafayette
24%
40,559 MO Cape Girardeau
23%
53,494 MN Edina
23%
83,986 MI Farmington Hills
23%
33,790 NE Kearney
23%
53,781 MN Minnetonka
23%
56,374 MN Apple Valley
22%
21,857 IL Carbondale
22%
45,312 OH Cleveland Heights
22%
51,114 OH Cuyahoga Falls
22%
68,855 MN Eagan
22%
63,830 IN Greenwood
22%
23,984 IN Highland
22%
40,552 OH Lancaster
22%
49,934 OH Newark
22%
58,212 MO St. Peters
22%
26,751 WI Superior
22%
70,222 MN Blaine
21%
40,290 IL DeKalb
21%
40,313 OH Findlay
21%
70,253 MN Maple Grove
21%
39,994 WI Wausau
21%
39,102 IA Bettendorf
20%
47,538 MO Chesterfield
20%
63,292 MI Dearborn Heights
20%
49,447 IN Jeffersonville
20%
24,052 IL Kankakee
20%
57,862 OH Kettering
20%
38,318 MI Muskegon
20%
69,604 IN Noblesville
20%
66,243 MI Novi
20%
67,311 KS Shawnee
20%
63,409 MI Taylor
20%
20,648 MI Ypsilanti
20%
63,599 MN Coon Rapids
19%
29,204 IL Danville
19%
49,692 OH Euclid
19%
44,505 MN Moorhead
19%
27,732 WI Mount Pleasant
19%
21,688 MI Mount Pleasant
19%
28,983 MI Port Huron
19%
85,420 MI Westland
19%
53,970 IL Wheaton
19%
75,102 MN Woodbury
19%
25,441 OH Xenia
19%
24,765 OH Zanesville
19%
24,655 IL Zion
19%
24,847 OH Avon
18%
21,474 IN Avon
18%
58,608 MO Blue Springs
18%
30,808 OH Bowling Green
18%
27,480 IL Chicago Heights
18%
51,063 IN Mishawaka
18%
30,912 IL Niles
18%
30,759 IL North Chicago
18%
58,703 IL Orland Park
18%
47,710 MI Roseville
18%
36,254 MN Roseville
18%
46,889 KS Salina
18%
29,439 OH Shaker Heights
18%
34,151 IN Valparaiso
18%
22,926 WI Watertown
18%
22,655 SD Watertown
18%
42,404 IL Belleville
17%
23,377 SD Brookings
17%
57,434 KS Lenexa
17%
76,618 MI Southfield
17%
50,010 MN St. Louis Park
17%
25,614 IL West Chicago
17%
36,657 WI Beloit
16%
22,059 OH Chillicothe
16%
41,302 OH Delaware
16%
21,374 IL East Moline
16%
27,141 NE Fremont
16%
30,052 IL Galesburg
16%
23,110 OH Hudson
16%
27,338 IA Mason City
16%
47,450 OH Mentor
16%
25,529 IA Ottumwa
16%
67,908 IL Palatine
16%
25,948 MN Winona
16%
26,174 MN Austin
15%
64,317 MN Burnsville
15%
22,333 IN Clarksville
15%
25,679 ND Dickinson
15%
50,247 IL Downers Grove
15%
50,952 MO Florissant
15%
24,871 IA Fort Dodge
15%
25,152 NE Hastings
15%
22,154 MN Hastings
15%
30,176 IL Highland Park
15%
26,094 OH Medina
15%
24,955 NE Norfolk
15%
23,390 NE North Platte
15%
58,362 IL Oak Lawn
15%
48,891 MI Portage
15%
37,926 IN Portage
15%
58,211 MI Royal Oak
15%
45,580 IA Urbandale
15%
24,360 MI Auburn Hills
14%
37,803 WI Greenfield
14%
23,488 IN Greenfield
14%
43,439 OH Huber Heights
14%
54,304 MI Kentwood
14%
69,490 MN Lakeville
14%
37,351 KS Leavenworth
14%
24,206 ND Mandan
14%
23,035 OH Oxford
14%
20,646 KS Pittsburg
14%
25,666 WI Stevens Point
14%
46,491 OH Strongsville
14%
55,971 IL Tinley Park
14%
30,903 IN Zionsville
14%
21,813 MI Birmingham
13%
33,782 MN Brooklyn Center
13%
26,808 IL Edwardsville
13%
44,907 OH Fairfield
13%
52,530 IL Hoffman Estates
13%
40,006 KS Hutchinson
13%
20,841 OH Lebanon
13%
44,476 IL Lombard
13%
37,841 IN New Albany
13%
36,994 MN Richfield
13%
34,165 MO University City
13%
41,784 MO Wentzville
13%
60,325 WI West Allis
13%
29,160 ND Williston
13%
25,676 IL Alton
12%
46,549 OH Beavercreek
12%
41,252 OH Grove City
12%
28,433 MI Hamtramck
12%
42,088 MN Maplewood
12%
43,698 MN Shakopee
12%
39,190 OH Westerville
12%
27,232 OH Wooster
12%
41,464 WI Brookfield
11%
36,033 IL Calumet City
11%
23,330 MN Crystal
11%
28,151 KS Garden City
11%
27,380 MI Garden City
11%
21,393 IL Geneva
11%
34,517 IN Goshen
11%
21,116 KS Hays
11%
32,100 MO Liberty
11%
34,626 WI Manitowoc
11%
27,591 IA Marshalltown
11%
23,797 IA Muscatine
11%
25,041 OH Perrysburg
11%
44,762 IL Plainfield
11%
34,625 IN Plainfield
11%
24,262 OH Solon
11%
58,874 MI St. Clair Shores
11%
46,410 IN Westfield
11%
39,137 IL Wheeling
11%
24,883 MN White Bear Lake
11%
57,250 IL Berwyn
10%
24,366 IL Collinsville
10%
38,839 MN Cottage Grove
10%
45,786 IL Elmhurst
10%
29,609 WI Fitchburg
10%
23,973 IL Freeport
10%
29,590 MN Fridley
10%
29,781 OH Garfield Heights
10%
48,705 IL Glenview
10%
30,706 IL Gurnee
10%
24,064 IA Johnston
10%
27,807 MO Kirkwood
10%
27,135 IL McHenry
10%
21,827 WI Middleton
10%
56,852 IL Mount Prospect
10%
40,451 WI New Berlin
10%
36,497 WI Oak Creek
10%
39,863 IL Romeoville
10%
21,569 IN Seymour
10%
23,865 IL South Elgin
10%
35,967 WI Sun Prairie
10%
36,800 OH Upper Arlington
10%
48,387 WI Wauwatosa
10%
34,228 OH Westlake
10%
28,170 IL Wilmette
10%
21,672 OH Alliance
9%
32,601 MN Andover
9%
25,206 OH Avon Lake
9%
35,426 OH Brunswick
9%
43,212 IL Buffalo Grove
9%
25,947 MN Chanhassen
9%
27,810 MN Chaska
9%
22,484 IL East Peoria
9%
24,453 MN Faribault
9%
35,726 OH Gahanna
9%
20,917 WI Germantown
9%
27,489 MO Gladstone
9%
24,856 MO Grandview
9%
29,752 IN Hobart
9%
35,801 MN Inver Grove Heights
9%
25,571 OH Marysville
9%
32,146 OH Massillon
9%
35,222 IL Northbrook
9%
32,442 OH North Olmsted
9%
26,420 MN Owatonna
9%
28,991 MO Raytown
9%
21,755 OH Rocky River
9%
31,752 WI West Bend
9%
20,615 MN West St. Paul
9%
26,098 IL Batavia
8%
28,973 IN Brownsburg
8%
39,854 IL Carol Stream
8%
24,240 OH Centerville
8%
33,899 IN Crown Point
8%
40,269 IL Crystal Lake
8%
37,114 OH Hilliard
8%
23,397 IL Loves Park
8%
36,444 IN Merrillville
8%
23,894 IN Munster
8%
28,303 MN Oakdale
8%
31,731 IL Pekin
8%
23,940 IA Waukee
8%
23,959 OH Willoughby
8%
35,702 IL Addison
7%
20,645 MI Adrian
7%
29,700 IL Algonquin
7%
22,318 IA Coralville
7%
32,812 IL Elk Grove Village
7%
22,932 KS Junction City
7%
22,471 IN La Porte
7%
40,245 MI Lincoln Park
7%
38,527 WI Menomonee Falls
7%
27,319 WI Neenah
7%
35,280 OH North Ridgeville
7%
31,322 OH North Royalton
7%
20,863 OH Parma Heights
7%
41,076 OH Reynoldsburg
7%
24,474 OH Riverside
7%
25,178 MI Romulus
7%
32,465 MN Savage
7%
21,629 MO Sedalia
7%
20,795 WI South Milwaukee
7%
20,759 MN South St. Paul
7%
23,070 OH Trotwood
7%
26,850 IL Vernon Hills
7%
35,432 MO Wildwood
7%
28,638 MI Allen Park
6%
21,091 MO Arnold
6%
23,642 MO Belton
6%
29,439 IL Burbank
6%
29,715 MI Burton
6%
37,983 IL Carpentersville
6%
25,410 WI De Pere
6%
25,625 KS Derby
6%
25,835 MN Elk River
6%
24,139 KS Emporia
6%
34,510 OH Fairborn
6%
28,846 IL Glen Ellyn
6%
27,549 IL Granite City
6%
26,088 MI Inkster
6%
23,701 OH Maple Heights
6%
25,142 WI Mequon
6%
22,515 MO Nixa
6%
20,790 MN Northfield
6%
27,478 IL Oak Forest
6%
34,585 IL Oswego
6%
21,250 WI Pleasant Prairie
6%
27,646 MN Ramsey
6%
25,650 MN Rosemount
6%
29,646 IN Schererville
6%
26,921 MN Shoreview
6%
21,883 OH South Euclid
6%
30,014 MI Southgate
6%
34,483 OH Stow
6%
39,577 IL Streamwood
6%
24,007 OH Wadsworth
6%
25,132 MI Walker
6%
25,630 IL Woodstock
6%
30,082 MO Ballwin
5%
25,191 OH Barberton
5%
41,105 IL Bartlett
5%
25,339 IL Belvidere
5%
22,558 IL Blue Island
5%
22,011 IL Darien
5%
21,426 IL Dolton
5%
24,521 IL Elmwood Park
5%
22,552 MN Golden Valley
5%
27,740 IL Huntley
5%
28,982 IL Lake in the Hills
5%
26,094 IL Lockport
5%
22,950 IL Machesney Park
5%
26,956 MO Maryland Heights
5%
25,297 IL Morton Grove
5%
23,454 MN New Brighton
5%
21,986 MN New Hope
5%
27,214 IL New Lenox
5%
24,159 NE Papillion
5%
23,094 OH Pickerington
5%
27,617 MN Prior Lake
5%
22,194 MO Raymore
5%
25,058 MI Wyandotte
5%
22,382 IL Bloomingdale
4%
34,318 MI Eastpointe
4%
37,470 IL Hanover Park
4%
25,117 MO Hazelwood
4%
28,468 MI Madison Heights
4%
24,796 IL Melrose Park
4%
31,560 IL Mundelein
4%
25,030 MI Norton Shores
4%
21,687 IL Park Forest
4%
27,252 IL Round Lake Beach
4%
21,465 IL South Holland
4%
22,819 MO Webster Groves
4%
21,015 MN Willmar
4%
23,919 MN Champlin
3%
21,973 MN Columbia Heights
3%
23,287 KS Gardner
3%
21,248 IL Grayslake
3%
24,543 IL Homer Glen
3%
33,902 KS Leawood
3%
21,399 MN Lino Lakes
3%
24,223 IL Lisle
3%
23,512 IL Maywood
3%
39,656 IL Park Ridge
3%
22,897 IL Roselle
3%
22,263 IL Villa Park
3%
24,429 IL Westmont
3%
21,533 IL Yorkville
3%
25,361 WI Caledonia
2%
33,176 IL Glendale Heights
2%
22,957 KS Prairie Village
2%
24,200 IL Rolling Meadows
2%
34,158 IL Woodridge
2%
No matching quizzes found
Score Distribution
Percent of People with Each Score
Percentile by Number Answered
Your Score History
You have not taken this quiz since the last reset